| 000 | 00663cam a2200253 i 4500 | ||
|---|---|---|---|
| 001 | 4113 | ||
| 003 | CO-MdFUSB | ||
| 005 | 20240604143024.0 | ||
| 008 | 240601t1886 -us||||| |||| 00| 0 eng d | ||
| 040 | _cCO-MdFUSB | ||
| 041 | 0 | _aeng | |
| 082 | 0 | 4 |
_224 _aG 234 _bF6121c |
| 100 | 1 |
_aFletcher, John _eautor |
|
| 245 | 1 | 0 |
_aChristian perfection / _cJohn Fletcher |
| 264 | 1 |
_bSouthern Methodist, _aNashville, USA : _c[1885] |
|
| 264 | 4 | _c© 1885 | |
| 300 | _a144 Pag | ||
| 336 |
_atexto _btxt _2rdacontent |
||
| 337 |
_2rdamedia _asin mediación _bn |
||
| 338 |
_2rdacarrier _avolumen _bnc |
||
| 653 | _aSantificación | ||
| 942 | _cBK | ||
| 945 | _aEstudiante | ||
| 999 |
_c34727 _d34727 |
||